Flagi państw alpejskich - Statystyki

Ogólne statystyki
  • Ten quiz został rozwiązany 63 razy
  • Średni wynik to 9 z 9
Statystyki odpowiedzi
Obrazkowy Odpowiedź % Poprawnych
Austria
100%
Francja
100%
Niemcy
100%
Szwajcaria
100%
Węgry
100%
Włochy
100%
Monako
98%
Słowenia
98%
Liechtenstein
97%
Nie znaleziono quizów pasujących do podanych kryteriów
Rozkład punktacji
Procent ludzi z każdym wynikiem
Percentyl według liczby udzielonych odpowiedzi
Twoja historia wyników
Nie rozwiązałeś tego quizu